000
00321pab a2200133 454500
008
180718b2005 xxu||||| |||| 00| 0 eng d
100
_a
Owen, John R.
245
_a
In defence of the "peasant"
260
_c
2005
300
_a
p.368-85.
650
_a
Peasantry
773
_a
Journal of Contemporary Asia
909
_a
66505
999
_c
66505
_d
66505